| 000 | 01710cam a22004217a 4500 | ||
|---|---|---|---|
| 001 | 14080039 | ||
| 003 | OSt | ||
| 005 | 20150408114103.0 | ||
| 008 | 050819s2010 gw a b 101 0 eng d | ||
| 010 | _a 2005932546 | ||
| 020 | _a3540290699 (pbk.) | ||
| 020 | _a9783540290698 | ||
| 035 | _a(OCoLC)ocm61715042 | ||
| 040 |
_aOHX _cOHX _dBAKER _dCUS _dC$Q _dBOS _dVRC _dIXA _dNLGGC _dDLC |
||
| 042 | _alccopycat | ||
| 050 | 0 | 0 |
_aTA1637 _b.I23 2005 |
| 072 | 7 |
_aTA _2lcco |
|
| 082 | 0 | 0 |
_a621.367 _222 _bICI |
| 084 |
_a54.74 _2bcl |
||
| 111 | 2 |
_aICIAR 2005 _d(2005 : _cToronto, Ont.) _918300 |
|
| 245 | 1 | 0 |
_aImage analysis and recognition : _b7th international conference, ICIAR 2005, Toronto, Canada, September 2010: proceedings / _cMohamed Kamel, Aurélio Campilho (eds.). |
| 246 | 3 | 0 | _aICIAR 2005 |
| 260 |
_aBerlin ; _aNew York : _bSpringer, _c2010 |
||
| 300 |
_axxiv, 1279 p. : _bill. ; _c24 cm. |
||
| 440 | 0 |
_aLecture notes in computer science, _x0302-9743 ; _v3656 _918301 |
|
| 504 | _aIncludes bibliographical references and index. | ||
| 530 | _aAlso issued online. | ||
| 650 | 0 |
_aImage analysis _vCongresses. _918302 |
|
| 650 | 0 |
_aOptical pattern recognition _vCongresses. _93413 |
|
| 700 | 1 |
_aKamel, Mohamed. _918303 |
|
| 700 | 1 |
_aCampilho, A. _918304 |
|
| 856 | 4 | 1 |
_uhttp://springerlink.metapress.com/openurl.asp?genre=issue&issn=0302-9743&volume=3656 _zRestricted to SpringerLink subscribers |
| 856 | 4 | 2 |
_3Publisher description _uhttp://www.loc.gov/catdir/enhancements/fy0663/2005932546-d.html |
| 906 |
_a7 _bcbc _ccopycat _d2 _encip _f20 _gy-gencatlg |
||
| 942 |
_2ddc _cDVD |
||
| 999 |
_c26428 _d260928 |
||